00990cam a2200301 i 4500001000400000003000600004005001700010008004100027010001700068020001500085020002700100040001800127042000900145050001800154082001000172100002600182245009500208250004600303260003400349300004100383505000600424520015500430521001800585521001800603650002200621650002200643700002300665633FISKH20230627110501.0780508s1978 ilua j 000 1 eng  a 78003213  a0695809644 a0695409646 (lib. bdg.) aDLCcDLCdDLC alcac00aPZ7.S1185bSi00a[Fic]1 aSachar, Louis,d1954-10aSideways stories from Wayside School /cby Louis Sachar ; illustrated by Dennis Hockerman. aFirst Scholastic printing, September 2001 aNew York :bScholasticc1978. a118 pages :billustrations ;c22 cm. aH aHumorous episodes from the classroom on the thirtieth floor of Wayside School, which was accidentally built sideways with one classroom on each story.8 a530 bLexile8 aH bRaz-Plus 1aSchoolsxFiction. 1aHumorous stories.1 aHockerman, Dennis.